000 01261nam a22002777a 4500
003 0
005 20251108112632.0
008 251108b xxu||||| |||| 00| 0 eng d
020 _a978-0-241-28397-4
050 _aPE 1128.D44
_b.J33 2023
100 _aDegnan-Veness, Coleen,
_eadapter.
245 _aJack and the beanstalk /
_ctext adapted by Coleen Degnan-Veness ; illustrated by Laura Barella ; song lyrics by Pippa Mayfield.
246 _aLadybird Readers Level 3 Jack and the beanstalk
250 _aLevel 3.
260 _aLondon :
_bPenguin Random House UK,
_c2023.
300 _a63 pages :
_bcolor illustrations, music ;
_c23 cm.
490 _aLadybird Readers ;
_vLevel 3
500 _aAdapted from the traditional English folk tale. Includes reading comprehension activities and a song.
520 _aA simplified retelling of the folktale about Jack, a poor boy who trades his cow for magic beans that grow into a giant beanstalk leading to an adventure in the clouds.
650 _aReaders (Elementary)
_vTexts.
650 _aEnglish language
_xStudy and teaching
_vReaders.
650 _aFolklore
_vAdaptations
_vJuvenile literature.
700 _aBarella, Laura,
_eillustrator.
700 _aMayfield, Pippa,
_elyricist.
942 _2lcc
_cBK
999 _c368541
_d368541